| 000 | 00861nam a2200217Ii 4500 | ||
|---|---|---|---|
| 003 | JO-AjNU | ||
| 008 | 230605s9999||||xx |||||||||||||| ||und|| | ||
| 017 | _a1970/6353 | ||
| 040 |
_aJO-AjNU _bara _erda _cJO-AjNU |
||
| 041 | _aara | ||
| 050 | 1 | 4 | _aDT107.6.L3 1971 |
| 100 | 3 |
_aتاليف لاشين، عبد الخالق محمد؛ تقديم مصطفى، أحمد عبد الرحيم, _eauthor _916928 |
|
| 245 | 0 | 0 | _aسعد زغلول: دوره في السياسة المصرية حتى سنة 1914، الجزء الأول |
| 264 | 3 | 1 | _aالقاهرة: دار المعارف، 1971 |
| 300 | _aج1، 303ص | ||
| 336 |
_atext _btxt _2rdacontent |
||
| 337 |
_aunmediated _bn _2rdamedia |
||
| 338 |
_avolume _bnc _2rdacarrier |
||
| 490 | 0 | _aمكتبة التاريخ العربي الحديث | |
| 650 | 4 |
_aتراجم-سعد زغلول-مصر-تاريخ _916929 |
|
| 999 |
_aA5124 _c8692 _d8692 |
||